WHEELARS DENTAL ANATOMY ,PHYSIOLOGY AND OCCLUSION (Record no. 4805)

MARC details
000 -LEADER
fixed length control field 00378nam a2200145Ia 4500
008 - FIXED-LENGTH DATA ELEMENTS--GENERAL INFORMATION
fixed length control field 150201s2011 xx 000 0 und d
082 ## - DEWEY DECIMAL CLASSIFICATION NUMBER
Classification number 611.313
Item number W2011N
100 ## - MAIN ENTRY--PERSONAL NAME
Personal name NELSON,STANLEY.J.
245 ## - TITLE STATEMENT
Title WHEELARS DENTAL ANATOMY ,PHYSIOLOGY AND OCCLUSION
250 ## - EDITION STATEMENT
Edition statement 9TH
260 ## - PUBLICATION, DISTRIBUTION, ETC. (IMPRINT)
Name of publisher, distributor, etc. ELSEVIER
Place of publication, distribution, etc. DELHI
Date of publication, distribution, etc. 2011
300 ## - PHYSICAL DESCRIPTION
Extent 1-346
650 ## - SUBJECT ADDED ENTRY--TOPICAL TERM
Topical term or geographic name as entry element DENTAL ANATOMY
942 ## - ADDED ENTRY ELEMENTS (KOHA)
Source of classification or shelving scheme Dewey Decimal Classification
Koha item type Books
Koha issues (borrowed), all copies 181
Holdings
Withdrawn status Lost status Source of classification or shelving scheme Damaged status Not for loan Home library Current library Date acquired Source of acquisition Cost, normal purchase price Serial Enumeration / chronology SGTU Bill Number Total Checkouts Full call number Barcode Date last seen Date last checked out Bill Date Koha item type
    Dewey Decimal Classification     SGT Dental Library SGT Dental Library 24/01/2013 AHUJA BOOK. CO.NEW DELHI 845.00 1 SGTU 3108 76 611.313 W2011N FD6845 03/08/2024 23/07/2024 06/09/2013 Books
    Dewey Decimal Classification     SGT Dental Library SGT Dental Library 24/01/2013 AHUJA BOOK. CO.NEW DELHI 845.00 1 SGTU 3108 96 611.313 W2011N FD6846 26/05/2026 26/05/2026 06/09/2013 Books
    Dewey Decimal Classification     SGT Dental Library SGT Dental Library 24/01/2013 AHUJA BOOK. CO.NEW DELHI 845.00 1 SGTU 3108 57 611.313 W2011N FD6847 30/09/2022 30/09/2022 06/09/2013 Books
    Dewey Decimal Classification     SGT Dental Library SGT Dental Library 24/01/2013 AHUJA BOOK. CO.NEW DELHI 845.00 1 SGTU 3108 64 611.313 W2011N FD6848 05/12/2025 25/11/2025 06/09/2013 Books
    Dewey Decimal Classification     SGT Dental Library SGT Dental Library 24/01/2013 AHUJA BOOK. CO.NEW DELHI 845.00 1 SGTU 3108 84 611.313 W2011N FD6849 24/03/2025 24/03/2025 06/09/2013 Books